000 00597nam a2200229Ia 4500
003 OSt
005 20220928101658.0
006 a|||||r|||| 00| 0
007 ta
008 220927b |||||||| |||| 00| 0 eng d
024 _a61748
037 _cTextual
040 _aSDCL
_cSDCL
_beng
041 _2eng
_aeng
082 _aO152,1N4393,1, N9
100 _aMeera Gopal
_9393557
245 0 _aUnmukhat pakhi
260 _aJamshed
_bPur Sankalp Prakashan
_c2009
300 _a111p
_ccm.
942 _hO152,1N4393,1, N9
_cTEXL
_2CC
999 _c709186
_d709186